[Event "40 Yrs Beer Sheva CC"]
[Site "Beer Sheva ISR"]
[Date "2013.05.28"]
[Round "7"]
[White "Alekseev,Evgeny"]
[Black "Huzman,A"]
[Result "1-0"]
[WhiteElo "2700"]
[BlackElo "2572"]

1.e4 e5 2.Nf3 Nf6 3.Nxe5 d6 4.Nf3 Nxe4 5.d4 d5 6.Bd3 Be7 7.O-O Nc6 8.Nc3 Nxc3
9.bxc3 Bg4 10.Rb1 Rb8 11.h3 Bh5 12.Re1 O-O 13.c4 dxc4 14.Bxc4 Bg6 15.Bd3 Bf6
16.Bxg6 hxg6 17.d5 Ne7 18.c4 Qd7 19.Bf4 b5 20.d6 cxd6 21.Qxd6 Qf5 22.g4 Qc2
23.Qd2 Qxd2 24.Nxd2 Rbd8 25.Ne4 Bd4 26.Rxb5 Nc6 27.Kf1 Bb6 28.Bd6 Rfe8 29.c5 Ba5
30.Re3 f5 31.gxf5 gxf5 32.Ng3 Rxe3 33.fxe3 g6 34.Ne2 Rc8 35.Nd4 Bc3 36.Nxc6 Rxc6
37.Ke2 Kf7 38.Kd3 Bf6 39.Rb7+ Ke6 40.Rxa7 Kd5 41.a4 g5 42.Ra8 Be5 43.Rd8 Bf6
44.Be7+ Ke5 45.Rd6 Rxc5 46.Rxf6 Rd5+ 47.Ke2 Rd7 48.Rf7 Ke6 49.Rg7 Ra7 50.Bf6 Kd5  1-0

[Event "40 Yrs Beer Sheva CC"]
[Site "Beer Sheva ISR"]
[Date "2013.05.28"]
[Round "9"]
[White "Alekseev,Evgeny"]
[Black "Laznicka,V"]
[Result "0-1"]
[WhiteElo "2700"]
[BlackElo "2679"]

1.e4 d5 2.exd5 Qxd5 3.Nc3 Qa5 4.d4 Nf6 5.Nf3 Bf5 6.Bd2 e6 7.Bc4 Bb4 8.a3 Bxc3
9.Bxc3 Qb6 10.O-O Nc6 11.Qe2 O-O-O 12.h3 Be4 13.Ne5 Bg6 14.Nf3 Bh5 15.g4 Bg6
16.a4 a5 17.Rfe1 h5 18.g5 Nd5 19.Qd2 Bf5 20.Bf1 h4 21.Ra3 Ndb4 22.Bxb4 axb4
23.a5 Nxd4 24.axb6 Nxf3+ 25.Rxf3 Rxd2 26.Bd3 g6 27.Kf1 Rd8 28.Bxf5 gxf5 29.bxc7 Kxc7
30.Re2 Rxe2 31.Kxe2 Rd4 32.Rb3 Kd6 33.c3 Re4+ 34.Kd3 Ke5 35.f3 Rf4 36.Ke3 Rc4
37.cxb4 f4+ 38.Kd3 b5 39.Rc3 Rxb4 40.b3 Kf5 41.Rc5+ e5 42.Kc3 Rd4 43.Rxb5 Rd1
44.Rb7 Rf1 45.Rxf7+ Kxg5 46.Kc4 Rxf3 47.Kd5 Rxh3 48.b4 Re3 49.b5 h3 50.b6 Rb3
51.Kxe5 Rxb6 52.Rf5+ Kg4 53.Rxf4+ Kg3 54.Rf8 Rh6 55.Rg8+ Kf3 56.Rf8+  0-1

[Event "40 Yrs Beer Sheva CC"]
[Site "Beer Sheva ISR"]
[Date "2013.05.29"]
[Round "10"]
[White "Alekseev,Evgeny"]
[Black "Roiz,M"]
[Result "1/2-1/2"]
[WhiteElo "2700"]
[BlackElo "2617"]

1.e4 c6 2.d3 d5 3.Nd2 Qc7 4.d4 dxe4 5.Nxe4 Bf5 6.Bd3 Nd7 7.Nf3 e6 8.O-O Be7
9.Qe2 Bg6 10.Ne5 Nxe5 11.Bf4 Nf6 12.Bxe5 Qd8 13.Rad1 O-O 14.c4 Nd7 15.Bf4 Qa5
16.Nc3 Rfe8 17.Bxg6 Nb8  1/2-1/2

[Event "40 Yrs Beer Sheva CC"]
[Site "Beer Sheva ISR"]
[Date "2013.05.29"]
[Round "11"]
[White "Postny,E"]
[Black "Alekseev,Evgeny"]
[Result "1/2-1/2"]
[WhiteElo "2637"]
[BlackElo "2700"]

1.d4 Nf6 2.c4 e6 3.Nf3 d5 4.g3 Bb4+ 5.Bd2 Be7 6.Bg2 O-O 7.O-O c6 8.Bf4 Nbd7
9.Nc3 Nh5 10.Bc1 Nhf6 11.b3 b6 12.Bb2 Ba6 13.Nd2 b5 14.cxd5 exd5 15.a3 Re8
16.Re1 Qb6 17.e4 dxe4 18.Ndxe4 Rad8 19.Qf3 Bb7 20.b4 Qxd4 21.Rad1 Qb6 22.Nxf6+ Nxf6
23.Rxd8 Bxd8 24.Rxe8+ Nxe8 25.Qe2 Kf8 26.Ne4 Be7 27.Qc2 h6 28.h4 Bc8 29.Nc5 Nf6
30.Be5 a5 31.Qd3 axb4 32.axb4 Kg8 33.Qd4 Bf5 34.Bf3 h5 35.Qf4 Bg6 36.Bd6 Qd8
37.Bxe7 Qxe7 38.Bxc6 Qe1+ 39.Kg2 Kh7 40.Bxb5 Nd5 41.Qd4 Qxb4 42.Qxb4 Nxb4  1/2-1/2

[Event "Petersburg Summer Rapid 2013"]
[Site "St Petersburg RUS"]
[Date "2013.08.31"]
[Round "2.7"]
[White "Alekseev,Evgeny"]
[Black "Apryshko,G"]
[Result "1-0"]
[WhiteElo "2710"]
[BlackElo "2285"]

1.e4 d6 2.d4 g6 3.Nf3 Bg7 4.Nc3 e5 5.dxe5 dxe5 6.Qxd8+ Kxd8 7.Bc4 f6 8.b3 Nd7
9.a4 Nb6 10.Be2 Be6 11.Ba3 Nd7 12.O-O-O Nh6 13.Nd2 Bf8 14.Bxf8 Rxf8 15.Bc4 Bf7
16.Rhe1 c6 17.Re3 Ng4 18.Rg3 f5 19.exf5 gxf5 20.h3 Ngf6 21.Bxf7 Rxf7 22.Nc4 Kc7
23.Nd6 f4 24.Nxf7 fxg3 25.fxg3 Rg8 26.g4 h5 27.g5 Nh7 28.h4 Nhf8 29.Nh6 Rg7
30.Ne4 Ne6 31.Rf1 Kd8 32.Nd6 b6 33.Kd2 a5 34.Ke3 Nd4 35.Ndf5 Nxf5+ 36.Nxf5 Rg6
37.Ng3 b5 38.Nxh5 bxa4 39.bxa4 Nb6 40.Nf6 Nxa4 41.Ke4 Rg7 42.Kf5 Nc3 43.h5 a4
44.h6  1-0

[Event "Petersburg Summer Rapid 2013"]
[Site "St Petersburg RUS"]
[Date "2013.08.31"]
[Round "3.5"]
[White "Moiseenko,Va"]
[Black "Alekseev,Evgeny"]
[Result "0-1"]
[WhiteElo "2465"]
[BlackElo "2710"]

1.d4 Nf6 2.Nf3 e6 3.e3 b6 4.Bd3 Bb7 5.Nbd2 d5 6.O-O Be7 7.b3 O-O 8.Bb2 c5
9.Ne5 Nc6 10.a3 Rc8 11.Qf3 c4 12.bxc4 dxc4 13.Nexc4 b5 14.Ne5 Nxe5 15.Bxh7+ Nxh7
16.Qxb7 Rxc2 17.dxe5 Rxd2 18.Bd4 Rc2 19.Qxa7 Qc7 20.Qa6 Rb8 21.Rfb1 Nf8 22.h3 Rc6
23.Qa7 Qxa7 24.Bxa7 Rb7 25.Bd4 Nd7 26.a4 b4 27.a5 Ra6 28.Rc1 b3 29.Rc8+ Kh7
30.Bc3 Nc5 31.Rb1 Na4 32.Bd2 Ba3 33.Rc4 Nc5 34.Bc3 g6 35.Kh2 b2 36.g3 Nd3
37.Kg2 Rb3 38.Kf1 Bb4 39.Bxb2 Rxa5 40.Rd1 Nxb2 41.Rh4+ Kg7 42.Rd8 Be7  0-1

[Event "Petersburg Summer Rapid 2013"]
[Site "St Petersburg RUS"]
[Date "2013.08.31"]
[Round "4.3"]
[White "Alekseev,Evgeny"]
[Black "Romanov,E"]
[Result "1/2-1/2"]
[WhiteElo "2710"]
[BlackElo "2651"]

1.e4 e5 2.Nf3 Nc6 3.Bb5 Nf6 4.O-O Nxe4 5.d4 Nd6 6.Bxc6 dxc6 7.dxe5 Nf5 8.Qxd8+ Kxd8
9.Nc3 Bd7 10.h3 h5 11.b3 Kc8 12.Bb2 Be7 13.Ne4 c5 14.Nfg5 Rf8 15.Rad1 Bc6
16.Rfe1 b6 17.Rd3 Kb7 18.Rf3 Nd4 19.Bxd4 cxd4 20.Rf4 Bd5 21.h4 Rae8 22.Ng3 Bb4
23.Re2 Bc3 24.Nxh5 d3 25.cxd3 Bxe5 26.Rf5 f6 27.Nxg7 Bh2+ 28.Kf1 Bxg2+ 29.Kxg2 Rxe2
30.Kxh2 Rh8 31.Nf3 Rxf2+ 32.Kg3 Rxa2 33.Rxf6 Rb2 34.Nd4 Rd2 35.Rf3 a5 36.h5 c5
37.Ndf5 Ka6 38.Kf4 Kb5 39.Ke5 Kb4 40.d4 c4 41.bxc4 a4 42.Ne3 a3 43.Nd5+ Ka4
44.Nxb6+ Ka5 45.Nd5 Ka4 46.Ne6 Rxh5+ 47.Kd6 Rh6 48.Nb6+ Kb4 49.Nd5+ Ka4 50.Kd7 Rxe6
51.Kxe6 Rxd4 52.c5 a2 53.Rf1 Kb3 54.c6 Rc4 55.c7 Kb2 56.Rf2+ Kb1 57.Rf1+ Kb2
58.Rf2+  1/2-1/2

[Event "Petersburg Summer Rapid 2013"]
[Site "St Petersburg RUS"]
[Date "2013.09.01"]
[Round "5.4"]
[White "Antipov,M2"]
[Black "Alekseev,Evgeny"]
[Result "1/2-1/2"]
[WhiteElo "2488"]
[BlackElo "2710"]

1.e4 e5 2.Nf3 Nc6 3.Bb5 Nf6 4.d3 Bc5 5.O-O d6 6.c3 O-O 7.Re1 Bb6 8.h3 Ne7
9.Ba4 Ng6 10.Nbd2 c6 11.Nf1 d5 12.exd5 Nxd5 13.Nxe5 Nxe5 14.Rxe5 Bxf2+ 15.Kh1 Bb6
16.Qf3 Bc7 17.Re2 Be6 18.Bd2 Qd6 19.Rae1 Rae8 20.d4 Nf6 21.Bb3 Bxb3 22.axb3 Rxe2
23.Rxe2 Re8 24.Rxe8+ Nxe8 25.Qf5 Qd8 26.Bg5 f6 27.Bf4 g6 28.Bxc7 Nxc7 29.Qe4 Qd7
30.Ne3 Kf7 31.Kg1 Ne6  1/2-1/2

[Event "Petersburg Summer Rapid 2013"]
[Site "St Petersburg RUS"]
[Date "2013.09.01"]
[Round "7.3"]
[White "Gorovets,A"]
[Black "Alekseev,Evgeny"]
[Result "1/2-1/2"]
[WhiteElo "2467"]
[BlackElo "2710"]

1.e4 e5 2.Nf3 Nc6 3.Nc3 Nf6 4.d4 exd4 5.Nxd4 Bb4 6.Nxc6 bxc6 7.Bd3 d5 8.exd5 cxd5
9.O-O O-O 10.Bg5 c6 11.Qf3 Be7 12.h3 h6 13.Bh4 Rb8 14.Rab1 Rb4 15.Bg3 Bd6
16.a3 Rb7 17.Rfe1 Bxg3 18.Qxg3 Re7 19.Rxe7 Qxe7 20.Qe3 Qxe3 21.fxe3 c5 22.b4 c4  1/2-1/2

[Event "Petersburg Summer Rapid 2013"]
[Site "St Petersburg RUS"]
[Date "2013.09.01"]
[Round "8.5"]
[White "Alekseev,Evgeny"]
[Black "Matinian,N"]
[Result "1/2-1/2"]
[WhiteElo "2710"]
[BlackElo "2472"]

1.e4 e5 2.Nf3 Nc6 3.Bb5 a6 4.Ba4 Nf6 5.d3 b5 6.Bb3 Be7 7.Nc3 O-O 8.a3 d6
9.Nd5 Nxd5 10.Bxd5 Bb7 11.O-O Rb8 12.c3 Bf6 13.Be3 Ne7 14.Bxb7 Rxb7 15.d4 c6
16.a4 Ng6 17.axb5 axb5 18.Ra6 Qc7 19.Qd3 h6 20.Rfa1 b4 21.Qc4 bxc3 22.bxc3 Rfb8
23.g3 d5 24.Qxc6 Qxc6 25.Rxc6 dxe4 26.Nd2 exd4 27.cxd4 Rd7 28.Rc4 Rbd8 29.Raa4 Re8
30.Nb3 Bg5 31.Nc5 Rd5  1/2-1/2

[Event "Petersburg Summer Rapid 2013"]
[Site "St Petersburg RUS"]
[Date "2013.09.01"]
[Round "10.1"]
[White "Alekseev,Evgeny"]
[Black "Shirov,A"]
[Result "1/2-1/2"]
[WhiteElo "2710"]
[BlackElo "2696"]

1.e4 c5 2.Nf3 Nc6 3.d4 cxd4 4.Nxd4 e5 5.Nb5 d6 6.c4 Be7 7.N5c3 Nf6 8.Bd3 Nd7
9.Nd5 Nc5 10.Nxe7 Qxe7 11.Nc3 f5 12.exf5 O-O 13.Bb1 Bxf5 14.Bxf5 Rxf5 15.O-O Nd4
16.Ne2 Qh4 17.Ng3 Rf6 18.Be3 Raf8 19.Qh5 Qxh5 20.Nxh5 Re6 21.Rad1 Nf5 22.Rfe1 Nxe3
23.Rxe3 a5 24.b3 Rc8 25.Ng3 a4 26.h3 axb3 27.axb3 Ra8 28.Nf5 g6 29.Ng3 Ra3
30.b4 Rxe3 31.fxe3 Na6 32.Ne4 Nxb4 33.Rxd6 Re7 34.Kf2 Rc7 35.c5 Na6 36.Rd5 Nb4
37.Rd8+ Kf7 38.Ke2 Na6 39.Rd5 Ke6 40.Rd6+ Ke7 41.Rd5 Ke6 42.Rd6+ Ke7 43.Rb6 Nxc5
44.Nxc5 Rxc5 45.Rxb7+ Kf6 46.Rxh7 Rc2+ 47.Kf3 e4+ 48.Kxe4 Rxg2 49.Kf3 Rh2
50.e4 Rh1 51.Kg3 Re1 52.Kf3 Rf1+ 53.Kg3 Re1  1/2-1/2

[Event "Petersburg Summer Rapid 2013"]
[Site "St Petersburg RUS"]
[Date "2013.09.01"]
[Round "11.2"]
[White "Aleksandrov,A"]
[Black "Alekseev,Evgeny"]
[Result "1/2-1/2"]
[WhiteElo "2626"]
[BlackElo "2710"]

1.d4 Nf6 2.c4 e6 3.Nc3 Bb4 4.e3 O-O 5.Bd3 d5 6.Nf3 c5 7.O-O cxd4 8.exd4 dxc4
9.Bxc4 b6 10.Bg5 Bb7 11.Rc1 Nc6 12.a3 Bxc3 13.Rxc3 Rc8 14.Ba2 Ne7 15.Rxc8 Qxc8
16.Ne5 Ng6 17.Qe2 Ba6 18.Bc4 Bxc4 19.Nxc4 Nd5 20.Rc1 Qb7 21.g3 Rc8 22.Qd1 f6
23.Bd2 Qd7 24.Ne3 Rxc1 25.Qxc1 Nge7 26.Qc4 Kf7 27.Bb4 Nxe3 28.fxe3 Nf5 29.Bd2 Qb7
30.Qe2 g6 31.Qg2 Qd5 32.Qxd5 exd5 33.a4 Ke6 34.Kg2 h5 35.h3 Nd6 36.Kf3 g5
37.g4 hxg4+ 38.hxg4 f5 39.b3 Ne4 40.Bb4 Nf6 41.gxf5+ Kxf5 42.a5 bxa5 43.Bxa5 g4+
44.Kg3 Ne4+ 45.Kg2 a6 46.Be1 Nd6 47.Bb4 Ne4 48.Ba5 Ng5 49.Kg3 Nf3 50.Bb4 Ke4
51.Kxg4 Kxe3 52.Kf5 Kxd4 53.Ke6 Ke4 54.Kd6 Nd4 55.Be1 Nxb3 56.Kc6 d4 57.Kb6 a5
58.Kb5 Kd3 59.Bh4 Kc2 60.Bg5 d3 61.Ka4 Kc3 62.Bh6 Kc2 63.Bg5 Nd2 64.Kxa5 Kd1
65.Kb4 Ke2 66.Bh6 Nf1 67.Bc1 Nd2 68.Kc3 Ne4+ 69.Kd4 d2 70.Bxd2  1/2-1/2

[Event "Chepukaitis Mem Blitz Prelim 2013"]
[Site "St Petersburg RUS"]
[Date "2013.09.07"]
[Round "1.1"]
[White "Alekseev,Evgeny"]
[Black "Maiorov,Vi"]
[Result "1-0"]
[WhiteElo "2710"]
[BlackElo "2040"]

1.e4 c5 2.Nf3 d6 3.d4 cxd4 4.Qxd4 Nc6 5.Bb5 Qa5+ 6.Nc3 Qxb5 7.Nxb5 Nxd4 8.Nfxd4 Kd8
9.c4 g6 10.Be3 Bg7 11.O-O Bd7 12.Nc3 Rc8 13.b3 b6 14.a4 Kc7 15.a5 bxa5 16.Rxa5 Kb7
17.Rfa1 Ra8 18.Ra6 Nh6 19.f3 Rhc8 20.Nde2 Rcb8 21.Rxa7+ Rxa7 22.Rxa7+ Kc8
23.Nd5 Kd8 24.b4 e6 25.Bg5+ Ke8 26.Bxh6 Bxh6 27.Nf6+ Kd8 28.Rxd7+ Kc8 29.b5 Be3+
30.Kf1 Ra8 31.Ng3 Ra2 32.Rxf7 Rf2+ 33.Ke1 Rxg2 34.Ne8 Bc5 35.Ne2 Rxh2 36.Nf4 Kd8
37.Nf6 Bb4+ 38.Kf1 Bc3 39.Nxe6+ Kc8 40.Nd5  1-0

[Event "Chepukaitis Mem Blitz Final 2013"]
[Site "St Petersburg RUS"]
[Date "2013.09.07"]
[Round "2.3"]
[White "Alekseev,Evgeny"]
[Black "Matlakov,M"]
[Result "1-0"]
[WhiteElo "2710"]
[BlackElo "2676"]

1.e4 c6 2.d3 d5 3.Nd2 e5 4.Ngf3 Bd6 5.d4 exd4 6.exd5 Nf6 7.dxc6 Nxc6 8.Be2 O-O
9.O-O Re8 10.Nb3 Bg4 11.h3 Bxf3 12.Bxf3 Be5 13.Nc5 Rc8 14.Bd2 Bb8 15.Nd3 Ne4
16.Re1 f5 17.Bf4 Bxf4 18.Nxf4 Qd6 19.Nd3 Re7 20.c3 Kh8 21.c4 Rce8 22.a3 h6
23.Qc2 Ng5 24.Bd5 Ne5 25.Nxe5 Rxe5 26.Rxe5 Qxe5 27.Bxb7 d3 28.Qxd3 Rb8 29.Bd5 Rxb2
30.Rf1 Ne4 31.Qe3 Rc2 32.Qxa7 Kh7 33.Qa8 Nf6 34.a4 Ra2 35.a5 Qd6 36.Bf3 Qc5
37.Qc6 Qxa5 38.Qe6 Rc2 39.Bd5 Nxd5 40.Qxf5+  1-0

[Event "Chepukaitis Mem Blitz Final 2013"]
[Site "St Petersburg RUS"]
[Date "2013.09.07"]
[Round "3.3"]
[White "Goganov,A"]
[Black "Alekseev,Evgeny"]
[Result "1-0"]
[WhiteElo "2577"]
[BlackElo "2710"]

1.Nf3 c5 2.b3 d6 3.e3 e5 4.Bb2 Nc6 5.Bb5 Bd7 6.O-O a6 7.Be2 g6 8.d4 exd4
9.exd4 Bg7 10.Na3 b5 11.c4 b4 12.Nc2 Nge7 13.a3 O-O 14.axb4 cxb4 15.Ne3 Nf5
16.Nxf5 Bxf5 17.Qd2 Bg4 18.h3 Bxf3 19.Bxf3 Qc7 20.Bxc6 Qxc6 21.Qxb4 Rfb8
22.Qc3 Qb6 23.Ra3 a5 24.Rfa1 a4 25.Rxa4 Rxa4 26.Rxa4 Qxb3 27.Qxb3 Rxb3 28.Ra8+ Bf8
29.Ba3 Kg7 30.d5 Be7 31.Ra7 Kf8 32.Ra6 Rb1+ 33.Kh2 Rd1 34.Bxd6  1-0

[Event "Chepukaitis Mem Blitz Final 2013"]
[Site "St Petersburg RUS"]
[Date "2013.09.07"]
[Round "4.1"]
[White "Levin,Ev"]
[Black "Alekseev,Evgeny"]
[Result "0-1"]
[WhiteElo "2505"]
[BlackElo "2710"]

1.d4 Nf6 2.Nf3 e6 3.Bg5 h6 4.Bh4 d6 5.h3 Nbd7 6.Nbd2 c5 7.c3 Be7 8.e3 b6
9.Bd3 Bb7 10.Qe2 O-O 11.O-O d5 12.Rfe1 Ne4 13.Bxe7 Qxe7 14.Ba6 Bxa6 15.Qxa6 Nd6
16.Rad1 Rfd8 17.Qe2 Nf6 18.Ne5 Qc7 19.Rc1 Rac8 20.Qd1 b5 21.Ndf3 a5 22.a3 Qb6
23.b4 c4 24.Ra1 Ra8 25.Qc2 Ra6 26.Ra2 Rda8 27.Rea1 Qa7 28.Qb2 axb4 29.Qxb4 Nfe4
30.Nd2 Ra4 31.Nxe4 Nxe4 32.Qb2 Qa5 33.Rc1 Rxa3 34.Rxa3 Qxa3 35.Qxa3 Rxa3
36.f3 Nxc3 37.Kf2 b4 38.Nc6 b3 39.Rxc3 Ra2+  0-1

[Event "Chepukaitis Mem Blitz Prelim 2013"]
[Site "St Petersburg RUS"]
[Date "2013.09.07"]
[Round "4.6"]
[White "Antinyan,A"]
[Black "Alekseev,Evgeny"]
[Result "0-1"]
[WhiteElo "2179"]
[BlackElo "2710"]

1.e4 c5 2.Nf3 Nc6 3.c3 Nf6 4.e5 Nd5 5.d4 cxd4 6.cxd4 d6 7.exd6 Qxd6 8.Nc3 e6
9.Bd3 Be7 10.O-O O-O 11.Qe2 Nf6 12.Nb5 Qd8 13.Bf4 a6 14.Nc3 Nxd4 15.Nxd4 Qxd4
16.Be5 Qg4 17.f3 Qb4 18.Rfd1 Bd7 19.Bxf6 Bxf6 20.Bxh7+ Kxh7 21.Rxd7 Rad8
22.Rad1 Kg8 23.Ne4 Be7 24.h3 Rxd7 25.Rxd7 Rd8 26.Qd3 Re8 27.Qd2 Qb6+ 28.Kh2 Qc6
29.a3 Kf8 30.Rxe7 Rxe7 31.Qb4 f6 32.Qd4 Rd7 33.Qb4+ Kf7 34.Nc5 Qd6+  0-1

[Event "Chepukaitis Mem Blitz Prelim 2013"]
[Site "St Petersburg RUS"]
[Date "2013.09.07"]
[Round "5.3"]
[White "Alekseev,Evgeny"]
[Black "Zenzera,A"]
[Result "1-0"]
[WhiteElo "2710"]
[BlackElo "2428"]

1.e4 c6 2.d4 d5 3.e5 Bf5 4.Nd2 e6 5.Nb3 Nd7 6.Nf3 Rc8 7.Be2 a6 8.O-O c5 9.dxc5 Bxc5
10.Nxc5 Nxc5 11.c3 Ne7 12.Nd4 O-O 13.Re1 Bg6 14.Bf1 Nf5 15.Nxf5 Bxf5 16.Be3 Qc7
17.Bd4 b5 18.Re3 Na4 19.Qd2 Nb6 20.b3 Qc6 21.Rg3 a5 22.h4 Kh8 23.Qg5 Rg8
24.Qe7 Rgf8 25.Qd6 Qxd6 26.exd6 Nd7 27.Bxg7+  1-0

[Event "Chepukaitis Mem Blitz Prelim 2013"]
[Site "St Petersburg RUS"]
[Date "2013.09.07"]
[Round "7.2"]
[White "Alekseev,Evgeny"]
[Black "Lovkov,R"]
[Result "1-0"]
[WhiteElo "2710"]
[BlackElo "2461"]

1.e4 c5 2.Nf3 d6 3.d4 cxd4 4.Qxd4 Nc6 5.Bb5 Bd7 6.Qd3 a6 7.Bxc6 Bxc6 8.c4 Nf6
9.Nc3 g6 10.O-O Bg7 11.h3 O-O 12.Nd4 Rc8 13.Be3 Nd7 14.Rac1 Nc5 15.Qc2 Bd7
16.Rfd1 Ne6 17.Qe2 Nxd4 18.Bxd4 Bxd4 19.Rxd4 Be6 20.b3 b5 21.cxb5 Qb6 22.Rdd1 Qa5
23.Nd5 Bxd5 24.exd5 axb5 25.Qxe7 Qxa2 26.Qxd6 Qxb3 27.Qd7 Rcd8 28.Qc6 Rfe8
29.d6 Qe6 30.Qxb5 Rd7 31.Rc7 Red8 32.Rxd7 Rxd7 33.Qd3 Kg7 34.Qd4+ f6 35.h4 h5
36.g3 Qf5 37.Kg2 Qe6 38.Qc5 Qe4+ 39.Kg1 Qe2 40.Qd5 Qe8 41.Qc6 Qe6 42.Kg2 Kf7
43.Rd3 Qf5 44.Re3 Qg4 45.Qd5+ Kf8 46.Qa8+ Kg7 47.Re7+  1-0

[Event "Chepukaitis Mem Blitz Prelim 2013"]
[Site "St Petersburg RUS"]
[Date "2013.09.07"]
[Round "8.1"]
[White "Yemelin,V"]
[Black "Alekseev,Evgeny"]
[Result "0-1"]
[WhiteElo "2559"]
[BlackElo "2710"]

1.e4 e5 2.Nf3 Nc6 3.Bb5 Nf6 4.Nc3 Bc5 5.d3 d6 6.Be3 Bb6 7.Bxc6+ bxc6 8.h3 O-O
9.Qd2 Bxe3 10.Qxe3 c5 11.O-O Nh5 12.Nd2 Rb8 13.b3 f5 14.Ne2 f4 15.Qf3 Qh4
16.g4 Nf6 17.Qg2 Nd7 18.c3 Ba6 19.Rad1 Qe7 20.Nc1 Rf6 21.f3 Nf8 22.Qh2 Rh6
23.Nc4 Ne6 24.Kg2 Rh4 25.Rh1 Ng5 26.Qg1 Qe6 27.Qf2 Qh6 28.Ne2 Rxh3 29.Rdg1 Bxc4
30.dxc4 Re8 31.Qf1 Re6 32.Qf2 Rg6 33.Qf1 Qh4 34.Qf2 Rh6 35.Qxh4 R6xh4 36.Rxh3 Rxh3
37.Rf1 Kf7 38.b4 Ke6 39.bxc5 dxc5 40.Ng3 Rxg3+ 41.Kf2 g6 42.Rd1 h5 43.gxh5 gxh5
44.Rd8 h4 45.Rh8 h3 46.Rh6+ Ke7 47.Rh5 Rg2+ 48.Kf1 Rg3 49.Kf2 Kd6 50.Rh6+ Kd7
51.Rh5 Kc6 52.Rh6+ Kb7 53.Rh5 Kb6 54.Rh6+ Ka5 55.Rh5 Ka4 56.Ke1  0-1

[Event "Chepukaitis Mem Blitz Prelim 2013"]
[Site "St Petersburg RUS"]
[Date "2013.09.07"]
[Round "9.1"]
[White "Alekseev,Evgeny"]
[Black "Chigaev,M"]
[Result "1-0"]
[WhiteElo "2710"]
[BlackElo "2480"]

1.e4 e6 2.d4 d5 3.Nc3 Bb4 4.exd5 exd5 5.Bd3 c6 6.Ne2 Nf6 7.O-O O-O 8.a3 Bd6
9.Bf4 Re8 10.Qd2 Bg4 11.Rae1 Bxe2 12.Rxe2 Rxe2 13.Nxe2 Bxf4 14.Qxf4 Nbd7
15.c3 Qb8 16.Qg5 Qd6 17.Ng3 Re8 18.Qxg7+ Kxg7 19.Nf5+ Kf8 20.Nxd6 Rb8 21.Re1 b6
22.f3 c5 23.g4 h6 24.Kf2 Rd8 25.h4 Nb8 26.Nf5 Ng8 27.f4 Nc6 28.g5 hxg5 29.fxg5 Nge7
30.Nxe7 Nxe7 31.Rg1 cxd4 32.cxd4 Nc6 33.Rg4 f6 34.Rf4 Rd6 35.h5 Kf7 36.h6 a5
37.g6+ Kg8 38.Rh4 Rd7 39.Bf5 Re7 40.Be6+  1-0

[Event "Chepukaitis Mem Blitz Prelim 2013"]
[Site "St Petersburg RUS"]
[Date "2013.09.07"]
[Round "10.1"]
[White "Alekseev,Evgeny"]
[Black "Matlakov,M"]
[Result "1/2-1/2"]
[WhiteElo "2710"]
[BlackElo "2676"]

1.e4 c6 2.d3 d5 3.Nd2 e5 4.Ngf3 Bd6 5.d4 exd4 6.exd5 cxd5 7.Nxd4 Ne7 8.Be2 O-O
9.O-O Nbc6 10.N2b3 Nf5 11.c3 Qf6 12.Bf3 Ne5 13.Bxd5 Rd8 14.Be4 Nxd4 15.Nxd4 Qh4
16.Qe2 Ng4 17.h3 Nf6 18.Bf5 Bc5 19.Bxc8 Raxc8 20.Nf5 Qe4 21.Ng3 Qg6 22.Kh1 h5  1/2-1/2

[Event "St Petersburg Blitz Prelim 2013"]
[Site "St Petersburg RUS"]
[Date "2013.12.22"]
[Round "1.1"]
[White "Alekseev,Evgeny"]
[Black "Khamidulin,V"]
[Result "1-0"]
[WhiteElo "2698"]
[BlackElo "2186"]

1.e4 g6 2.d4 Bg7 3.Nf3 d6 4.Nc3 Nf6 5.Be2 O-O 6.O-O Bg4 7.Be3 Nc6 8.h3 Bxf3
9.Bxf3 e5 10.dxe5 dxe5 11.Ne2 Qe7 12.c3 Rfd8 13.Qc2 Rd7 14.Rad1 Rad8 15.Nc1 Ne8
16.Rxd7 Rxd7 17.Rd1 Bf6 18.Rxd7 Qxd7 19.Qd3 Qd6 20.Bd1 Kg7 21.Ba4 a6 22.f3 h6
23.Qxd6 cxd6 24.Nd3 Nc7 25.Bb6 Ne6 26.Bxc6 bxc6 27.Nb4 Bg5 28.Nxc6 Bc1 29.b4 Nf4
30.Kf1 Bd2 31.c4 Kf8 32.a4 Ke8 33.b5 axb5 34.cxb5 Kd7 35.a5 Ne6 36.a6 Kc8
37.Ke2 Bg5 38.Kd3 f5 39.Kc4 Nc7 40.Nb4 Bd8 41.Bxc7 Bxc7 42.Nd5 Ba5 43.b6  1-0

[Event "St Petersburg Blitz Final 2013"]
[Site "St Petersburg RUS"]
[Date "2013.12.22"]
[Round "2.2"]
[White "Alekseev,Evgeny"]
[Black "Matlakov,M"]
[Result "1/2-1/2"]
[WhiteElo "2698"]
[BlackElo "2700"]

1.e4 e5 2.Nf3 Nc6 3.Bc4 Bc5 4.c3 Nf6 5.d3 O-O 6.O-O d6 7.Bb3 a6 8.h3 Ba7
9.Re1 Ne7 10.Nbd2 Ng6 11.Nf1 h6 12.d4 Re8 13.Ng3 b5 14.Bc2 Bb7 15.a4 c5 16.dxe5 dxe5
17.Qxd8 Rexd8 18.Be3 Bb6 19.Red1 Rac8 20.Ne1 Nf4 21.Nf5 Rb8 22.f3 Kf8 23.Nd6 Bc6
24.axb5 axb5 25.Ra6 Ne2+ 26.Kf1 Nd4 27.cxd4 cxd4 28.Bd2 Rxd6 29.Bb4 Ke7 30.Nd3 Nd7
31.Bb3 f6 32.Rc1 Bb7 33.Raa1 g6 34.Ke2 f5 35.Nf2 Nf6  1/2-1/2

[Event "St Petersburg Blitz Prelim 2013"]
[Site "St Petersburg RUS"]
[Date "2013.12.22"]
[Round "4.1"]
[White "Moiseenko,Va"]
[Black "Alekseev,Evgeny"]
[Result "1/2-1/2"]
[WhiteElo "2467"]
[BlackElo "2698"]

1.e4 e5 2.Nf3 Nc6 3.d4 exd4 4.Nxd4 Nf6 5.Nxc6 bxc6 6.e5 Qe7 7.Qe2 Nd5 8.b3 g6
9.c4 Ba6 10.Bb2 Bg7 11.Nd2 O-O 12.Qe4 f5 13.exf6 Qxe4+ 14.Nxe4 Nxf6 15.Nxf6+ Bxf6
16.Bxf6 Rae8+ 17.Kd2 Rxf6 18.f3 c5 19.Bd3 Bb7 20.Rhe1 Rfe6 21.Rxe6 Rxe6 22.Re1  1/2-1/2

[Event "St Petersburg Blitz Prelim 2013"]
[Site "St Petersburg RUS"]
[Date "2013.12.22"]
[Round "5.3"]
[White "Alekseev,Evgeny"]
[Black "Rusanov,M"]
[Result "1-0"]
[WhiteElo "2698"]
[BlackElo "2440"]

1.d4 e6 2.Nf3 f5 3.c4 Nf6 4.g3 Bb4+ 5.Bd2 Bxd2+ 6.Nbxd2 d6 7.Bg2 O-O 8.O-O Nc6
9.Nb3 e5 10.dxe5 dxe5 11.Qxd8 Rxd8 12.Rfd1 Be6 13.Nfd2 e4 14.Rac1 Nd4 15.Kf1 Nxb3
16.axb3 Rd7 17.Ke1 Rad8 18.Nf1 Rxd1+ 19.Rxd1 Rxd1+ 20.Kxd1 Ng4 21.f3 exf3
22.Bxf3 Nf2+ 23.Ke1 Ne4 24.Bxe4 fxe4 25.Kf2 Kf7 26.Nd2 Kf6 27.Nxe4+ Ke5 28.Ke3 h6
29.Nc5 Bc8 30.Nd3+ Kd6 31.Kd4 b6 32.b4 Bg4 33.e4 g5 34.b5 Bc8 35.Ne5 Be6
36.b4 h5 37.Nc6 a6 38.c5+  1-0

[Event "St Petersburg Blitz Final 2013"]
[Site "St Petersburg RUS"]
[Date "2013.12.22"]
[Round "5.3"]
[White "Duzhakov,I"]
[Black "Alekseev,Evgeny"]
[Result "1-0"]
[WhiteElo "2390"]
[BlackElo "2698"]

1.d4 Nf6 2.c4 e6 3.Nf3 b6 4.g3 Bb7 5.Bg2 g6 6.Nc3 Ne4 7.Qc2 Nxc3 8.Qxc3 Bg7
9.Qd3 O-O 10.O-O d6 11.Bd2 Nd7 12.Bc3 Nf6 13.Ne1 d5 14.Rc1 Ne4 15.cxd5 exd5
16.Nf3 Re8 17.b4 c6 18.a4 a5 19.bxa5 Nxc3 20.Rxc3 Rxa5 21.Qc2 c5 22.e3 Bc6
23.Ra1 Qa8 24.Qb2 Rb8 25.Nd2 cxd4 26.exd4 Bxd4 27.Nb3 Bxc3 28.Qxc3 Rxa4 29.Re1 Re8
30.Rd1 d4 31.Qxc6 Ra3 32.Qxa8 Rexa8 33.Bxa8 Rxa8 34.Nxd4 Rd8 35.Kf1  1-0

[Event "St Petersburg Blitz Prelim 2013"]
[Site "St Petersburg RUS"]
[Date "2013.12.22"]
[Round "7.1"]
[White "Alekseev,Evgeny"]
[Black "Aleksandrov,A"]
[Result "1/2-1/2"]
[WhiteElo "2698"]
[BlackElo "2586"]

1.e4 e5 2.Nf3 Nc6 3.Bb5 Nf6 4.d3 d6 5.c3 Bd7 6.O-O g6 7.h3 Bg7 8.Be3 O-O
9.Ba4 Re8 10.Nbd2 h6 11.Bc2 d5 12.Re1 Be6 13.Ba4 Nd7 14.Nb3 Qe7 15.Bxc6 bxc6
16.Na5 c5 17.Qa4  1/2-1/2

[Event "St Petersburg Blitz Prelim 2013"]
[Site "St Petersburg RUS"]
[Date "2013.12.22"]
[Round "8.1"]
[White "Alekseev,Evgeny"]
[Black "Matlakov,M"]
[Result "1/2-1/2"]
[WhiteElo "2698"]
[BlackElo "2700"]

1.e4 e5 2.Nf3 Nc6 3.Bb5 a6 4.Ba4 Nge7 5.Nc3 g6 6.d4 exd4 7.Nxd4 Bg7 8.Nxc6 Nxc6
9.O-O O-O 10.Nd5 d6 11.c3 Re8 12.Re1 b5 13.Bc2 Ne5 14.Bf4 Bg4 15.Qc1 c6 16.Ne3 Be6
17.Qd2 Qe7 18.Rad1 Rad8 19.Bg3 g5 20.b3 h6 21.h3 Qf6 22.Bb1 Ng6 23.Rc1 Nf4
24.c4  1/2-1/2

[Event "St Petersburg Blitz Prelim 2013"]
[Site "St Petersburg RUS"]
[Date "2013.12.22"]
[Round "9.3"]
[White "Yevseev,D"]
[Black "Alekseev,Evgeny"]
[Result "1/2-1/2"]
[WhiteElo "2532"]
[BlackElo "2698"]

1.Nf3 c5 2.c4 Nc6 3.Nc3 g6 4.e3 Nf6 5.d4 cxd4 6.exd4 d5 7.cxd5 Nxd5 8.Qb3 e6
9.Bb5 Bg7 10.Bg5 Qb6 11.O-O O-O 12.Rad1 a6 13.Bc4 Qxb3 14.Bxb3 Nxc3 15.bxc3 Na5
16.c4 b5 17.c5 Bb7 18.Be7 Rfe8 19.Bd6 Nxb3 20.axb3 a5 21.Ne5 Bd5 22.Rb1 Ra7
23.Rfc1 Rc8 24.h3 Be4 25.Ra1 f6 26.Nf3 Bd5 27.Rab1 Kf7 28.Ne1 Be4 29.Ra1 f5
30.Rd1 a4 31.bxa4 bxa4 32.Ra3 Bd5 33.Nf3 Bb3 34.Ng5+ Ke8 35.Re1 Kd7 36.Nf3 Kc6
37.Rea1 Rca8 38.Re1 h6 39.h4 Bd5 40.Ne5+ Bxe5 41.Bxe5 Rb7 42.Rea1 Bb3 43.f3 g5
44.h5 Rg8 45.Rc1 Rb4 46.Re1 g4 47.f4 Bc2 48.Rc1 Be4 49.Rca1 Ra8 50.R1a2 Bd5
51.Ra1 Rb2 52.Rg3 a3 53.Raxa3 Rxa3 54.Rxa3 Rxg2+ 55.Kf1 g3 56.Ra6+ Kb5 57.Rb6+ Kc4
58.c6 Rf2+ 59.Ke1 Kd3 60.c7 Rc2  1/2-1/2